From slavery to feudalism in South-Western Europe (Record no. 494174)

MARC details
000 -LEADER
fixed length control field 00771nam a2200241Ia 4500
003 - CONTROL NUMBER IDENTIFIER
control field OSt
005 - DATE AND TIME OF LATEST TRANSACTION
control field 20260413125508.0
008 - FIXED-LENGTH DATA ELEMENTS--GENERAL INFORMATION
fixed length control field 220923b |||||||| |||| 00| 0 eng d
020 ## - INTERNATIONAL STANDARD BOOK NUMBER
International Standard Book Number 0 521 36324 1
037 ## - SOURCE OF ACQUISITION
Terms of availability General Book
040 ## - CATALOGING SOURCE
Original cataloging agency RTL
Transcribing agency RTL
Language of cataloging eng
041 ## - LANGUAGE CODE
Source of code eng
Language code of text/sound track or separate title eng
084 ## - COLON CLASSIFICATION NUMBER
Classification number Y:492.5.J, N1
Assigning agency RTL
100 ## - MAIN ENTRY--PERSONAL NAME
Personal name Bonnassie Pierre
9 (RLIN) 249413
245 #0 - TITLE STATEMENT
Title From slavery to feudalism in South-Western Europe
260 ## - PUBLICATION, DISTRIBUTION, ETC.
Place of publication, distribution, etc. Cambridge
Name of publisher, distributor, etc. Cambridge University Press
Date of publication, distribution, etc. 1991
300 ## - PHYSICAL DESCRIPTION
Extent xii, 352 p.
Other physical details Includes bibliographical references and index
490 ## - SERIES STATEMENT
Series statement Past and Present Publications
650 ## - SUBJECT ADDED ENTRY--TOPICAL TERM
Topical term or geographic name entry element Social Conflict
700 ## - ADDED ENTRY--PERSONAL NAME
Personal name Birrell Jean
Relator term Translator
9 (RLIN) 1115565
942 ## - ADDED ENTRY ELEMENTS (KOHA)
Classification part Y:492.5.J, N1
Koha item type General Books
Source of classification or shelving scheme Colon Classification (CC)
Holdings
Withdrawn status Lost status Source of classification or shelving scheme Damaged status Not for loan Home library Current library Date acquired Total Checkouts Full call number Barcode Date last seen Price effective from Koha item type
    Colon Classification (CC)     Ratan Tata Library Ratan Tata Library 2022-09-25   Y:492.5.J, N1 RT1049912 2022-09-25 2022-09-25 General Books
Copyright @ Delhi University Library System